000
00345nam a2200157Ia 4500
100
_a
Alavala/Chennakesava R
650
_a
Computer graphics
942
_c
BK
366
_f
25
245
_a
Computer Graphics
260
_b
Prentice -Hall of India
_c
2009
082
_a
6.6
_b
ALA
300
_a
327
546
_a
ENGLISH
_c
Computers
999
_c
25035
_d
25035